<?xml version="1.0" encoding="UTF-8"?>
<record
    xmlns:xsi="http://www.w3.org/2001/XMLSchema-instance"
    xsi:schemaLocation="http://www.loc.gov/MARC21/slim http://www.loc.gov/standards/marcxml/schema/MARC21slim.xsd"
    xmlns="http://www.loc.gov/MARC21/slim">

  <leader>00611nam a2200193Ia 4500</leader>
  <controlfield tag="001">22885</controlfield>
  <controlfield tag="003">GE_BSU</controlfield>
  <controlfield tag="008">181216s||||||||xx |||||||||||||| ||und||</controlfield>
  <datafield tag="040" ind1=" " ind2=" ">
    <subfield code="c">GE_BSU</subfield>
  </datafield>
  <datafield tag="245" ind1=" " ind2=" ">
    <subfield code="a">&#x413;&#x435;&#x43E;&#x433;&#x440;&#x430;&#x444;&#x438;&#x44F; &#x438; &#x43F;&#x440;&#x438;&#x440;&#x43E;&#x434;&#x43D;&#x44B;&#x435; &#x440;&#x435;&#x441;&#x443;&#x440;&#x441;&#x44B;. &#x2116;2.  &#x410;&#x43F;&#x440;&#x435;&#x43B;&#x44C;-&#x418;&#x44E;&#x43D;&#x44C; 2018</subfield>
  </datafield>
  <datafield tag="245" ind1=" " ind2=" ">
    <subfield code="c">&#x413;&#x43B;. &#x440;&#x435;&#x434;. &#x412;.&#x41C;.&#x41F;&#x43B;&#x44E;&#x441;&#x43D;&#x438;&#x43D;.</subfield>
  </datafield>
  <datafield tag="260" ind1=" " ind2=" ">
    <subfield code="a">&#x41C;&#x43E;&#x441;&#x43A;&#x432;&#x430;</subfield>
  </datafield>
  <datafield tag="260" ind1=" " ind2=" ">
    <subfield code="c">2018</subfield>
  </datafield>
  <datafield tag="300" ind1=" " ind2=" ">
    <subfield code="a">196 p. 28cm.</subfield>
  </datafield>
  <datafield tag="653" ind1=" " ind2=" ">
    <subfield code="a">&#x413;&#x435;&#x43E;&#x433;&#x440;&#x430;&#x444;&#x438;&#x44F; &#x438; &#x43F;&#x440;&#x438;&#x440;&#x43E;&#x434;&#x43D;&#x44B;&#x435; &#x440;&#x435;&#x441;&#x443;&#x440;&#x441;&#x44B;. &#x2116;2.  &#x410;&#x43F;&#x440;&#x435;&#x43B;&#x44C;-&#x418;&#x44E;&#x43D;&#x44C; 2018</subfield>
  </datafield>
  <datafield tag="653" ind1=" " ind2=" ">
    <subfield code="a">&#x41F;&#x435;&#x440;&#x438;&#x43E;&#x434;&#x438;&#x43A;&#x430;</subfield>
  </datafield>
  <datafield tag="653" ind1=" " ind2=" ">
    <subfield code="a">&#x10DE;&#x10D4;&#x10E0;&#x10D8;&#x10DD;&#x10D3;&#x10D8;&#x10D9;&#x10D0;</subfield>
  </datafield>
  <datafield tag="942" ind1=" " ind2=" ">
    <subfield code="c">CR</subfield>
  </datafield>
  <datafield tag="999" ind1=" " ind2=" ">
    <subfield code="c">55788</subfield>
    <subfield code="d">55788</subfield>
  </datafield>
  <datafield tag="952" ind1=" " ind2=" ">
    <subfield code="0">0</subfield>
    <subfield code="1">0</subfield>
    <subfield code="4">0</subfield>
    <subfield code="7">0</subfield>
    <subfield code="9">81319</subfield>
    <subfield code="d">2018-12-17</subfield>
    <subfield code="p">p 79550</subfield>
    <subfield code="r">2018-12-17</subfield>
    <subfield code="w">2018-12-17</subfield>
    <subfield code="y">CR</subfield>
    <subfield code="z">&#x10DE;&#x10D4;&#x10E0;&#x10D8;&#x10DD;&#x10D3;&#x10D8;&#x10D9;&#x10D0;</subfield>
  </datafield>
</record>
